Del nomadismo a los centros ceremoniales (notice nᵒ 10655)
[ vue normale ]
| 000 -Sello discográfico | |
|---|---|
| campo de control de longitud fija | 01073nam a2200313 4500 |
| 005 - Identificación de versión | |
| campo de control | 20251016084624.0 |
| 035 ## - Otros números de control del sistema | |
| Número de control del sistema | 14606 |
| 099 ## - fechas locales | |
| Tipo de ítem Koha | LIBRO |
| 100 ## - Datos de procesamiento general | |
| Datos de procesamiento general | 20040120d1975 m y1spay5003 ba |
| 105 ## - Campo de datos codificados: Material textual, monográfico | |
| Datos codificados de monografía | a 001zy |
| 200 1# - Título y mención de responsabilidad | |
| Título propio | Del nomadismo a los centros ceremoniales |
| Designación general del material | texto impreso |
| Primer mención de responsabilidad | José Luis Lorenzo, Román Piña Chán, Alfonso Medellín Zenil, ... [et al.] |
| 205 ## - Declaración de edición | |
| Declaración de edición | 1a ed |
| 210 ## - Publicación, distribución, etc. | |
| Lugar de publicación, distribución, etc. | México |
| Nombre del editor, distribuidor, etc. | Secretaría de Educación Pública |
| -- | Instituto Nacional de Antropología e Historia |
| Fecha de publicación, distribución, etc. | 1975 |
| 215 ## - Descripción física | |
| Designación de material específico y extensión del ítem | 318 p |
| Otras características físicas | il. |
| Dimensiones | 21 cm |
| 345 ## - Nota de información de adquisición | |
| Fuente de adquisición/dirección de la suscripción [OBSOLETO] | Donación |
| 410 #1 - Series | |
| Título | México, panorama histórico y cultural |
| Número de volumen | 6 |
| 606 ## - Término temático usado como materia | |
| Elemento de entrada | Indios de México |
| Subdivisión temática | Cultura |
| Número Koha | 1400 |
| 660 ## - Código de área geográfica | |
| Código | MX |
| 700 ## - Nombre personal - Responsabilidad primaria | |
| Elemento de entrada | Lorenzo Bautista |
| Parte del nombre distinta del elemento de entrada | José Luis |
| Fechas | 1921-1996 |
| Número Koha | 11945 |
| 701 ## - Nombre personal - Responsabilidad alternativa | |
| Elemento de entrada | Medellín Zenil |
| Parte del nombre distinta del elemento de entrada | Alfonso |
| Fechas | 1925-1986 |
| Número Koha | 6268 |
| 701 ## - Nombre personal - Responsabilidad alternativa | |
| Elemento de entrada | Piña Chán |
| Parte del nombre distinta del elemento de entrada | Román |
| Fechas | 1920-2001 |
| Número Koha | 2366 |
| 801 #0 - Fuente de origen | |
| Agencia | cm |
| 900 ## - | |
| -- | 1/6073 |
| 900 ## - | |
| -- | 7100417834\200104 |
| 942 ## - ELEMENTOS DE ENTRADA SECUNDARIOS (KOHA) | |
| Tipo de ítem Koha | Livre |
| 996 ## - | |
| -- | MEX |
| -- | 751145101 |
| -- | MMAG |
| -- | 008036 |
| -- | 972.01 L869N |
| -- | 20230614LIV |
| Estatus retirado | Estado de daño | Estado de pérdida | Fecha de adquisición | Biblioteca de origen | Biblioteca actual | Ubicación en estantería | Código de barras | Precio de reemplazo | Signatura topográfica completa | No para préstamo | Tipo de ítem Koha | Nota pública | Nota no pública |
|---|---|---|---|---|---|---|---|---|---|---|---|---|---|
| 05/08/2025 | Casa México Paris | Casa México Paris | 008036 | 05/08/2025 | 972.01 L869N | Livre | 20230614LIV | 751145101 |